| 000 | 00680nam a2200193 i 4500 | ||
|---|---|---|---|
| 001 | 129403 | ||
| 003 | ES-MaACL | ||
| 005 | 20230906193508.0 | ||
| 007 | t| | ||
| 008 | 070614s1967 sp ||||1| spa d | ||
| 080 | _a811.134.2276(076) | ||
| 245 | 0 | 0 |
_aTextos para el estudio del español coloquial / _cintroducción y selección de F. González Olle. |
| 260 |
_aPamplona : _bUniversidad de Navarra, _c1967. |
||
| 300 |
_a117 p. ; _c22 cm. |
||
| 650 | 4 |
_aLengua española hablada- _xTextos. _914198 |
|
| 700 | 1 |
_aGonzález Ollé, Fernando. _958846 |
|
| 710 | 2 |
_aUniversidad de Navarra. _bInstituto de Lengua y Cultura Españolas. _97256 |
|
| 852 |
_aES-MaACL _jC-28730 _bR.64697 |
||
| 999 |
_c129403 _d129403 |
||